000 00328nam a2200121Ia 4500
008 220216s9999 xx 000 0 und d
100 _aBeagle C W
245 0 _aDurable all-weather roads with rubberized asphalt emulsion
260 _bRubber Developments
_c1961
300 _a23-28
650 _aRubberized asphalt
942 _cJS
999 _c57432
_d57432